[Event "Wch Rapid"]
[Site "Riadh"]
[Date "2017.12.26"]
[Round "4"]
[White "Kuzubov, Yuriy"]
[Black "Meier, Georg"]
[Result "1-0"]
[WhiteElo "2699"]
[BlackElo "2650"]
[PlyCount "81"]
[EventDate "2017.12.26"]
[EventType "swiss (rapid)"]
[EventRounds "15"]
[EventCountry "SAU"]
[SourceTitle "CBM 182 Extra"]
[Source "ChessBase"]
[SourceDate "2018.02.23"]
[SourceVersion "1"]
[SourceVersionDate "2018.02.23"]
[SourceQuality "1"]

1. Nf3 d5 2. g3 Bg4 3. Bg2 e6 4. d3 Nf6 5. Nbd2 Be7 6. O-O O-O 7. h3 Bh5 8. e4 ({RR} 8. g4 Bg6 9. Ne5 Nbd7 {½-½ (9) Rajesh,C (2244)-Rozman,L (2353) New York USA 2025}) 8... c5 9. c3 Nc6 10. Qe2 $146 ({RR} 10. Qe1 Re8 11. e5 Nd7 12. Nb3 Rc8 13. Bf4 b5 14. d4 cxd4 15. Nbxd4 a6 16. h4 Qb6 17. Nxc6 Rxc6 18. Be3 Qb7 19. Bd4 Rec8 20. Qe3 b4 21. Rfe1 Nc5 22. Nd2 Qc7 23. c4 Qd7 24. b3 Rf8 {Boerci,R (1614)-Kirchner,D (1422) Trento 2008 1-0 (35)}) 10... Qc7 11. Re1 Rfd8 12. e5 Nd7 13. g4 Bg6 14. Nf1 b5 15. Bf4 c4 16. d4 b4 17. h4 Rdb8 18. Ng3 bxc3 19. bxc3 Bd3 20. Qe3 Rb2 21. Rec1 Rab8 22. Ne1 Bb1 23. Bxd5 exd5 24. e6 Bd6 25. exd7 Qxd7 26. Bxd6 Qxd6 27. Ng2 h6 28. g5 hxg5 29. Qxg5 Ne7 30. Re1 Kf8 31. Nf4 Qf6 32. Qxf6 gxf6 33. Ngh5 Bxa2 34. Nxf6 R8b7 35. h5 Rb1 36. Kg2 Rxe1 37. Rxe1 Kg7 38. Ne8+ Kf8 39. h6 Bb1 40. Rxb1 Rxb1 41. h7 1-0

[Event "Wch Rapid"]
[Site "Riadh"]
[Date "2017.12.27"]
[Round "6"]
[White "Onischuk, Vladimir"]
[Black "Alekseev, Evgeny V"]
[Result "1-0"]
[WhiteElo "2637"]
[BlackElo "2616"]
[PlyCount "71"]
[EventDate "2017.12.26"]
[EventType "swiss (rapid)"]
[EventRounds "15"]
[EventCountry "SAU"]
[SourceTitle "CBM 182 Extra"]
[Source "ChessBase"]
[SourceDate "2018.02.23"]
[SourceVersion "1"]
[SourceVersionDate "2018.02.23"]
[SourceQuality "1"]

1. Nf3 c5 2. g3 Nc6 3. Bg2 g6 4. d4 cxd4 5. Nxd4 Bg7 6. Nb3 d6 7. Nc3 Nf6 8. h3 O-O 9. e4 a5 10. a4 Nb4 11. O-O Be6 12. Nd4 Bc4 13. Re1 Rc8 14. Be3 Nd7 15. Qd2 Nb6 $146 ({RR} 15... Ba6 16. Rac1 Re8 17. Nd5 Nc6 18. b3 Nc5 19. Red1 Nd7 20. Ne2 Bxe2 21. Qxe2 e6 22. Nf4 Qc7 23. Qd2 Bf8 24. Ne2 Nc5 25. Nc3 Na7 26. Ne2 Nc6 27. f4 Qb8 28. Bf3 b5 29. axb5 Qxb5 30. Nd4 {Van der Vliet,F (2340)-Popov,L (2410) Wijk aan Zee 1977 ½-½ (44)}) 16. b3 Ba6 17. Rac1 d5 18. Ndb5 Rxc3 19. Nxc3 d4 20. Rcd1 e5 21. Nb5 Bxb5 22. axb5 Qc7 23. c3 dxe3 24. fxe3 Na2 25. Qxa2 Qxc3 26. Bf1 Bh6 27. Kf2 Qb4 28. Qd2 Qxe4 29. Qd3 Qb4 30. Qd6 Nc8 31. Qxb4 axb4 32. Rd7 Nb6 33. Rxb7 Nd5 34. Bc4 Nc3 35. b6 Bg5 36. Rxf7 1-0

[Event "Wch Rapid"]
[Site "Riadh"]
[Date "2017.12.27"]
[Round "7"]
[White "Meier, Georg"]
[Black "Tregubov, Pavel V"]
[Result "1-0"]
[WhiteElo "2650"]
[BlackElo "2575"]
[PlyCount "75"]
[EventDate "2017.12.26"]
[EventType "swiss (rapid)"]
[EventRounds "15"]
[EventCountry "SAU"]
[SourceTitle "CBM 182 Extra"]
[Source "ChessBase"]
[SourceDate "2018.02.23"]
[SourceVersion "1"]
[SourceVersionDate "2018.02.23"]
[SourceQuality "1"]

1. Nf3 c5 2. b3 Nc6 3. Bb2 d6 4. d4 cxd4 5. Nxd4 e5 6. Nxc6 bxc6 7. g3 Nf6 8. Bg2 Qc7 9. c4 Be7 10. Nc3 O-O 11. Rc1 ({RR} 11. O-O Be6 12. Rc1 Qd7 13. e4 Rad8 14. Qe2 h6 15. Rfd1 Qc8 16. Nd5 Qb7 17. Nxe7+ Qxe7 18. c5 dxc5 19. Rxd8 Rxd8 20. Bxe5 Nd7 21. Bc7 Re8 22. Qa6 c4 23. Qxa7 cxb3 24. axb3 Bxb3 25. Rxc6 Ne5 {Heider,M (2393)-Kopylov,D (2369) Bielefeld GER 2024 ½-½ (107)}) 11... Bb7 12. O-O Rad8 $146 ({RR} 12... Rfd8 13. e3 Rac8 {½-½ (13) Formento,P (2184)-Rambaldi,F (2310) Gabicce Mare 2013}) 13. Rc2 Qa5 14. Qd2 Kh8 15. Na4 Qc7 16. Bc3 Qb8 17. Ba5 Rc8 18. Bh3 Rce8 19. Rd1 c5 20. Nc3 Bd8 21. Bxd8 Rxd8 22. Qe3 a6 23. Rcd2 Qc7 24. Bf5 Rfe8 25. f3 e4 26. Bxe4 Nxe4 27. fxe4 Re6 28. e5 Qc6 29. Qf3 Qd7 30. e4 Qe7 31. Rxd6 Rdxd6 32. exd6 Qd7 33. Qf5 g6 34. Qxc5 Bc6 35. b4 Kg8 36. b5 axb5 37. cxb5 Ba8 38. Qc7 1-0

[Event "Wch Rapid"]
[Site "Riadh"]
[Date "2017.12.27"]
[Round "7"]
[White "Pantsulaia, Levan"]
[Black "Ding, Liren"]
[Result "1-0"]
[WhiteElo "2612"]
[BlackElo "2777"]
[PlyCount "81"]
[EventDate "2017.12.26"]
[EventType "swiss (rapid)"]
[EventRounds "15"]
[EventCountry "SAU"]
[SourceTitle "CBM 182 Extra"]
[Source "ChessBase"]
[SourceDate "2018.02.23"]
[SourceVersion "1"]
[SourceVersionDate "2018.02.23"]
[SourceQuality "1"]

1. Nf3 d5 2. g3 g6 3. Bg2 Bg7 4. O-O e5 5. d3 Ne7 6. e4 O-O 7. c3 a5 8. a4 Nbc6 9. Qc2 h6 10. Na3 Be6 11. Nb5 Qd7 12. b3 $146 ({RR} 12. Re1 Rad8 13. b3 f5 14. Ba3 fxe4 15. dxe4 d4 16. Rad1 Bg4 17. Rd3 Rf7 18. Nd2 Nc8 19. Nc4 Be6 20. cxd4 exd4 21. Red1 g5 22. Bc5 Bxc4 23. bxc4 Nb4 24. Bxb4 axb4 25. e5 Bxe5 26. Bd5 c5 {Pantsulaia,L (2597)-Potkin,V (2597) St Petersburg 2018 1-0}) 12... Rfe8 13. Re1 Rad8 14. Ba3 g5 15. h4 g4 16. Nd2 f5 17. Rad1 f4 18. exd5 Nxd5 19. Nc4 f3 20. Bf1 Bf5 21. Nd2 Qf7 22. Ne4 b6 23. Bc1 Rd7 24. Na3 Nce7 25. Nc4 Ng6 26. Ba3 Nge7 27. Qc1 Be6 28. d4 exd4 29. cxd4 Nc6 30. Ncd6 cxd6 31. Qxc6 Rc7 32. Qb5 Bd7 33. Qa6 Bc8 34. Qd3 Bf8 35. Nxd6 Bxd6 36. Rxe8+ Qxe8 37. Bxd6 Rc6 38. Be5 Qf7 39. Qb5 Rc2 40. Bc4 Be6 41. Qc6 1-0

[Event "Wch Rapid"]
[Site "Riadh"]
[Date "2017.12.27"]
[Round "10"]
[White "Carlsen, Magnus"]
[Black "Nepomniachtchi, Ian"]
[Result "1-0"]
[WhiteElo "2837"]
[BlackElo "2729"]
[PlyCount "107"]
[EventDate "2017.12.26"]
[EventType "swiss (rapid)"]
[EventRounds "15"]
[EventCountry "SAU"]
[SourceTitle "CBM 182 Extra"]
[Source "ChessBase"]
[SourceDate "2018.02.23"]
[SourceVersion "1"]
[SourceVersionDate "2018.02.23"]
[SourceQuality "1"]

1. Nf3 c5 2. b3 d6 3. e3 e5 4. Bb5+ Nc6 5. O-O a6 6. Bxc6+ bxc6 7. c4 $146 ({RR} 7. d4 e4 8. Nfd2 d5 9. Ba3 cxd4 10. Bxf8 Kxf8 11. exd4 Qf6 12. c3 Qg6 13. Kh1 f5 14. f4 Nf6 15. Na3 Qh6 16. Qe1 Rg8 17. Qg3 g5 18. fxg5 Qxg5 19. Qxg5 Rxg5 20. Nc2 Ke7 21. Rf2 Be6 {Kurtenkov,A (2455)-Ivanovic,B (2490) Plovdiv 1986 ½-½ (71)}) 7... Nf6 8. Nc3 Be7 9. d3 O-O 10. Bb2 h6 11. Nd2 Be6 12. Qe2 Nd7 13. f4 exf4 14. exf4 Bf5 15. Nde4 Re8 16. Qf3 Nf6 17. Rae1 Qd7 18. Na4 Rab8 19. Nxf6+ Bxf6 20. Bxf6 gxf6 21. Nc3 Rxe1 22. Rxe1 Re8 23. Rxe8+ Qxe8 24. Kf2 Kg7 25. g4 Bd7 26. Ne4 Qe7 27. Ng3 Kf8 28. f5 Qe5 29. Qe3 Qb2+ 30. Qe2 Qd4+ 31. Kf3 Qa1 32. Nh5 Qh1+ 33. Kg3 Qg1+ 34. Kh3 Qd4 35. Kg2 d5 36. Kf3 Qa1 37. Qe3 Kg8 38. Kg3 Kh7 39. h3 Bc8 40. Qe8 Be6 41. Kf2 Qb2+ 42. Kf3 Qa1 43. Ng3 Qd1+ 44. Kf2 Qxd3 45. Ne2 d4 46. fxe6 Qe3+ 47. Kf1 Qxh3+ 48. Ke1 Qh4+ 49. Kd1 fxe6 50. Qxe6 d3 51. Qf5+ Kg7 52. Nf4 Qh1+ 53. Kd2 Qa1 54. Qd7+ 1-0

[Event "Wch Rapid"]
[Site "Riadh"]
[Date "2017.12.28"]
[Round "11"]
[White "Anton Guijarro, David"]
[Black "Andriasian, Zaven"]
[Result "1-0"]
[WhiteElo "2666"]
[BlackElo "2585"]
[PlyCount "87"]
[EventDate "2017.12.26"]
[EventType "swiss (rapid)"]
[EventRounds "15"]
[EventCountry "SAU"]
[SourceTitle "CBM 182 Extra"]
[Source "ChessBase"]
[SourceDate "2018.02.23"]
[SourceVersion "1"]
[SourceVersionDate "2018.02.23"]
[SourceQuality "1"]

1. Nf3 d5 2. b3 Nf6 3. Bb2 Bg4 4. g3 Bxf3 5. exf3 e6 6. f4 ({RR} 6. Bg2 g6 7. O-O Bg7 8. c4 O-O 9. f4 Nc6 10. Nc3 dxc4 11. bxc4 Qd3 12. Re1 Rfd8 13. Nb5 Qxc4 14. a4 a6 15. Rc1 Qb4 16. Bc3 Qe7 17. Bxc6 axb5 18. Bxb5 c6 19. Bc4 Nd5 20. Bxg7 Kxg7 {Nakamura,H (2768)-Khismatullin,D (2594) chess.com INT 2023 1-0 (52)}) 6... c5 $146 ({RR} 6... Be7 7. Bg2 O-O 8. O-O c5 9. d3 Nc6 10. Nd2 Qd6 11. Re1 Nd7 12. Nf3 Bf6 13. Bxf6 Nxf6 14. Ne5 g6 15. Rc1 Rac8 16. c3 Nd7 17. Qe2 Ndxe5 18. fxe5 Qd7 19. f4 b5 20. Qf2 Ne7 21. Bh3 {Lebredo Zaragoitia,G-Rodriguez Cespedes,A Camaguey 1974 ½-½}) ({RR} 6... c6 7. Bg2 Nbd7 8. O-O g6 9. d4 Bg7 10. Nd2 O-O 11. Re1 Ne8 12. Nf3 Nd6 13. Ne5 Nf5 14. c3 Nxe5 15. dxe5 h5 16. a4 Re8 17. a5 a6 18. Qd3 Qc7 19. c4 dxc4 20. Qxc4 Rad8 21. b4 {Adewumi,T (2352)-Jaskolka,T (2210) chess.com INT 2025 1-0 (43)}) 7. f5 exf5 8. Qe2+ Kd7 9. Qf3 g6 10. Nc3 Bg7 11. Nxd5 Re8+ 12. Ne3 Nc6 13. O-O-O Ke7 14. g4 Nd4 15. Qxb7+ Kf8 16. gxf5 Ne4 17. fxg6 hxg6 18. Bc4 Re7 19. Qd5 Qe8 20. Ba6 Rd8 21. Qc4 Nxf2 22. Qxc5 Nxd1 23. Rxd1 Kg8 24. Bc4 Re5 25. Qxa7 Re7 26. Qc5 Re5 27. Qb6 Rg5 28. Rf1 Rd7 29. Kb1 Kh7 30. a4 f5 31. Nd5 Qe4 32. d3 Qe2 33. Rc1 Rg4 34. Nf6+ Bxf6 35. Qxf6 Qxh2 36. a5 Qh4 37. Qf8 Rd8 38. Qf7+ Kh6 39. a6 Rg2 40. a7 Qf4 41. Qb7 Qf3 42. Rh1+ Kg5 43. Qe7+ Kf4 44. Bc1+ 1-0

[Event "Wch Rapid"]
[Site "Riadh"]
[Date "2017.12.28"]
[Round "15"]
[White "Sjugirov, Sanan"]
[Black "Kuzubov, Yuriy"]
[Result "1-0"]
[WhiteElo "2650"]
[BlackElo "2699"]
[PlyCount "101"]
[EventDate "2017.12.26"]
[EventType "swiss (rapid)"]
[EventRounds "15"]
[EventCountry "SAU"]
[SourceTitle "CBM 182 Extra"]
[Source "ChessBase"]
[SourceDate "2018.02.23"]
[SourceVersion "1"]
[SourceVersionDate "2018.02.23"]
[SourceQuality "1"]

1. Nf3 d5 2. g3 Bg4 3. Bg2 Nd7 4. O-O c6 5. d3 e6 6. h3 Bh5 7. e4 ({RR} 7. Nc3 Ngf6 8. e4 Ne5 9. g4 Nxf3+ 10. Qxf3 dxe4 11. dxe4 Bg6 12. Be3 Bb4 13. Bg5 Be7 14. Rad1 Qc7 15. Qe3 h6 16. Bf4 e5 17. Bg3 Nd7 18. Kh1 Nf8 19. Ne2 Ne6 20. f4 exf4 21. Nxf4 Nxf4 {Takano,N (2172)-Cezar,R (1809) Florianopolis BRA 2024 1-0 (37)}) 7... Bc5 ({RR} 7... Bd6 8. exd5 cxd5 9. c4 Ne7 10. Nc3 O-O 11. cxd5 exd5 12. Re1 Rc8 13. d4 h6 14. Qb3 Nb6 15. Ne5 Nc6 16. g4 Bxe5 17. dxe5 Bg6 18. Be3 d4 19. Rad1 d3 20. Nb5 Na5 21. Qb4 Nd5 22. Qd4 {Kramnik,V (2769)-Adams,M (2745) London 2014 0-1 (37)}) ({RR} 7... Bd6 8. exd5 cxd5 9. c4 Ne7 10. Nc3 Nb6 11. g4 Bg6 12. a4 a5 13. Qb3 Bxd3 14. Nxd5 exd5 15. Qxd3 dxc4 16. Qe4 Qc7 17. Rd1 O-O 18. Ng5 Ng6 19. Qxb7 Rab8 20. Qxc7 Bxc7 21. Bd2 Bf4 22. Ne4 {Sjugirov,S (2696)-Butti,E (2065) Chess.com INT 2022 1-0 (45)}) 8. exd5 exd5 9. c4 $146 ({RR} 9. g4 Bg6 10. d4 Bd6 11. Ne5 Bxe5 12. dxe5 h5 13. Na3 hxg4 14. Qxg4 Nc5 15. Bg5 Qd7 16. Qxd7+ Kxd7 17. Rad1 Be4 18. Be3 Bxg2 19. Kxg2 Ne6 20. f4 g6 21. Nc4 Ne7 22. Nd6 Rh7 23. c4 b6 {Stefanova,A (2470)-Wells,P (2398) England 2019 1-0 (53)}) 9... Ne7 10. Nc3 O-O 11. cxd5 Nxd5 12. Nxd5 cxd5 13. Qb3 Qb6 14. Qxd5 Nf6 15. Qb3 Rfd8 16. Qxb6 Bxb6 17. g4 Bg6 18. Ne5 Bxd3 19. Nxd3 Rxd3 20. Bxb7 Re8 21. Kg2 h5 22. Bf3 hxg4 23. hxg4 Re6 24. g5 Ne4 25. Bg4 Re8 26. Re1 Rdd8 27. Re2 Nxf2 28. Rxf2 Bxf2 29. Kxf2 Re4 30. Bf3 Rc4 31. b3 Rc2+ 32. Kg3 Rd3 33. Bf4 Rcc3 34. Rf1 Rc2 35. Rf2 Rcc3 36. Kg4 a5 37. Be2 Rd4 38. Bb5 g6 39. Re2 Kf8 40. Rd2 Rxd2 41. Bxd2 Rc2 42. Bxa5 Rxa2 43. Bb4+ Kg7 44. Bc3+ Kf8 45. Bf6 Rf2 46. Bc6 Rc2 47. Ba4 Rf2 48. b4 Rf1 49. Bc6 Re1 50. Kf4 Rc1 51. b5 1-0

[Event "Wch Blitz"]
[Site "Riadh"]
[Date "2017.12.29"]
[Round "1"]
[White "Pantsulaia, Levan"]
[Black "Tregubov, Pavel V"]
[Result "1-0"]
[WhiteElo "2612"]
[BlackElo "2575"]
[PlyCount "121"]
[EventDate "2017.12.29"]
[EventType "swiss (blitz)"]
[EventRounds "21"]
[EventCountry "SAU"]
[SourceTitle "CBM 182 Extra"]
[Source "ChessBase"]
[SourceDate "2018.02.23"]
[SourceVersion "1"]
[SourceVersionDate "2018.02.23"]
[SourceQuality "1"]

1. Nf3 d5 2. g3 Nf6 3. Bg2 Bf5 4. c4 e6 5. Qb3 Nc6 6. d3 ({RR} 6. O-O Rb8 7. d4 h6 8. Nc3 Be7 9. Bf4 O-O 10. cxd5 Nxd5 11. Nxd5 exd5 12. Rfc1 Be4 13. Qd1 Bd6 14. Bxd6 Qxd6 15. e3 Ne7 16. Ne5 Bxg2 17. Kxg2 c6 18. Rab1 Ng6 19. Nd3 Rbe8 20. b4 a6 {Demidov,M (2563)-Subelj,J (2501) Chess.com INT 2022 1-0 (40)}) ({RR} 6. O-O Rb8 7. d4 Be7 8. cxd5 exd5 9. Bf4 O-O 10. Nc3 a6 11. Rac1 Re8 12. h3 h6 13. g4 Be4 14. Nxe4 Nxe4 15. Rfd1 Bd6 16. Bxd6 Qxd6 17. Ne5 Nxe5 18. dxe5 Rxe5 19. Bxe4 Rxe4 20. Qxd5 Qxd5 {Chen,Y (2204)-Zhai Mo (2366) Ji'an CHN 2025 ½-½}) 6... Rb8 7. O-O Be7 8. Nc3 $146 ({RR} 8. Re1 O-O 9. Bf4 h6 10. Na3 a6 11. Rad1 Bg4 12. Qa4 Bd6 13. cxd5 exd5 14. Nc2 b5 15. Qb3 Bxf4 16. gxf4 Qd6 17. e3 Na5 18. Qb4 Nb7 19. Qxd6 Nxd6 20. b4 Rfc8 21. Rc1 c5 22. bxc5 Rxc5 {Werner,C (2330)-Hohler,P (2197) Porto 2014 1-0 (39)}) ({RR} 8. cxd5 exd5 9. Nc3 d4 10. Nb5 O-O 11. Qa4 Bc5 12. Bg5 a6 13. Bxf6 Qxf6 14. Nxc7 Qd6 15. Rac1 Bb6 16. Nb5 Qf6 17. Na3 Rfe8 18. Rc2 Be6 19. b4 Bc7 20. b5 axb5 21. Qxb5 Red8 22. Ng5 Na7 {Akdag,D (2193)-Jacobsen,M (1944) Koge 2014 1-0 (53)}) 8... d4 9. Nb1 e5 10. Bg5 O-O 11. Nbd2 h6 12. Bxf6 Bxf6 13. Ne1 Be7 14. Nc2 Qd7 15. Qa4 a5 16. Qb5 Rfe8 17. Nb3 Nb4 18. Nxb4 Qxb5 19. cxb5 axb4 20. Na5 Bd7 21. Bxb7 Bxb5 22. Bc6 Rf8 23. Bxb5 Rxb5 24. Nc4 Ra8 25. a4 bxa3 26. bxa3 e4 27. Rfb1 c6 28. Rc1 Ra4 29. dxe4 Rb3 30. Ne5 c5 31. Nc4 Rc3 32. Nb2 Raxa3 33. Rxa3 Rxc1+ 34. Kg2 c4 35. Ra4 c3 36. Nd3 Rc2 37. Kf3 Bf6 38. e5 Bg5 39. h4 Bd2 40. Rxd4 Ra2 41. Nb4 Rb2 42. Nd3 Ra2 43. Rc4 h5 44. e3 Kh7 45. Rc7 Kg6 46. Ke4 Ra4+ 47. Kf3 Ra2 48. Nf4+ Kf5 49. Rc5 c2 50. e6+ Kf6 51. exf7 Kxf7 52. Rc7+ Ke8 53. Nd3 Ra3 54. Rxc2 Rxd3 55. Ke2 Rd5 56. Rxd2 Ra5 57. Kf3 Kf7 58. Kf4 Ke6 59. e4 Rb5 60. f3 Ra5 61. Rd5 1-0

[Event "Wch Blitz"]
[Site "Riadh"]
[Date "2017.12.29"]
[Round "1"]
[White "Svidler, Peter"]
[Black "Zhigalko, Sergei"]
[Result "1-0"]
[WhiteElo "2765"]
[BlackElo "2641"]
[PlyCount "97"]
[EventDate "2017.12.29"]
[EventType "swiss (blitz)"]
[EventRounds "21"]
[EventCountry "SAU"]
[SourceTitle "CBM 182 Extra"]
[Source "ChessBase"]
[SourceDate "2018.02.23"]
[SourceVersion "1"]
[SourceVersionDate "2018.02.23"]
[SourceQuality "1"]

1. Nf3 d5 2. c4 d4 3. b4 Bg4 4. Qb3 Nf6 5. g3 Bxf3 6. Qxf3 c6 7. Bg2 e5 8. Qb3 Nbd7 9. O-O a5 10. b5 Nc5 11. Qd1 $146 ({RR} 11. Qc2 cxb5 12. cxb5 Rc8 13. d3 Qd7 14. Na3 Nce4 15. Qb2 Bxa3 16. Qxa3 Nc3 17. Qxa5 Nxe2+ 18. Kh1 O-O 19. b6 Rfe8 20. Bg5 Qf5 21. Bxf6 Qxf6 22. Bxb7 e4 23. Qh5 Rc2 24. Bxe4 g6 25. Qf3 Qxb6 {Hamitevici,V (2430)-Rowson,J (2569) London 2015 1-0 (32)}) 11... Rc8 12. d3 Be7 13. Nd2 O-O 14. Rb1 cxb5 15. Rxb5 b6 16. Nf3 Nfd7 17. e3 dxe3 18. Bxe3 Qc7 19. Qc2 Ne6 20. Bh3 Bc5 21. Bxe6 fxe6 22. Qe2 e4 23. Ng5 Qc6 24. Nxe4 Ne5 25. Bxc5 Nf3+ 26. Kg2 bxc5 27. Rxc5 Qa8 28. Rxc8 Qxc8 29. Qe3 Qb7 30. Rc1 Ne5 31. h3 Qd7 32. d4 Nc6 33. Nc5 Qxd4 34. Qxe6+ Kh8 35. Ne4 Nb4 36. Re1 Nd3 37. Re2 Qa1 38. Nd6 h6 39. Nf7+ Kh7 40. Qe4+ g6 41. Qxd3 Rxf7 42. c5 Qf6 43. Qd5 Rc7 44. Re6 Qf7 45. Qe4 Rd7 46. c6 Rc7 47. Rd6 Qxa2 48. Rd7+ Rxd7 49. cxd7 1-0

[Event "Wch Blitz"]
[Site "Riadh"]
[Date "2017.12.29"]
[Round "2"]
[White "Sjugirov, Sanan"]
[Black "Carlsen, Magnus"]
[Result "1-0"]
[WhiteElo "2650"]
[BlackElo "2837"]
[PlyCount "129"]
[EventDate "2017.12.29"]
[EventType "swiss (blitz)"]
[EventRounds "21"]
[EventCountry "SAU"]
[SourceTitle "CBM 182 Extra"]
[Source "ChessBase"]
[SourceDate "2018.02.23"]
[SourceVersion "1"]
[SourceVersionDate "2018.02.23"]
[SourceQuality "1"]

1. Nf3 g6 2. g3 Bg7 3. Bg2 e5 4. d3 d5 5. O-O Ne7 6. e4 O-O 7. Nc3 dxe4 ({RR} 7... c5 8. Nd2 Be6 9. f4 exf4 10. gxf4 dxe4 11. dxe4 Nbc6 12. Kh1 f5 13. e5 g5 14. Nf3 gxf4 15. Bxf4 Ng6 16. Bg5 Qxd1 17. Raxd1 h6 18. Rd6 Rae8 19. Be3 Ncxe5 20. Bxc5 b6 21. Ba3 Nc4 22. Rxe6 {Skaric,D (2285)-Harper,H (2044) chess.com INT 2025 1-0}) 8. dxe4 c6 9. Be3 $146 ({RR} 9. Bg5 f6 10. Be3 Qc7 11. Qc1 Be6 12. a4 a5 13. Nd2 Na6 14. Re1 Nc8 15. Bf1 Nd6 16. b3 f5 17. Bh3 Qd7 18. exf5 gxf5 19. Nf3 f4 20. Bxe6+ Qxe6 21. Bxf4 Rxf4 22. Qxf4 exf4 23. Rxe6 Bxc3 {Damjanovic,M-Ciric,D Zenica 1963 1-0 (41)}) ({RR} 9. Qe2 h6 10. a4 a5 11. Rd1 Qc7 12. Be3 Na6 13. Nd2 Be6 14. Nc4 Nc8 15. Rd2 Rb8 16. Rad1 Kh7 17. h4 h5 18. Kh2 b5 19. Nd6 Nxd6 20. Rxd6 Qb7 21. Bh3 Bxh3 22. Kxh3 Nc7 23. Rd7 Qc8 {Carlsen,M (2832)-Nakamura,H (2786) Chess.com INT 2018 1-0 (53)}) 9... f6 10. Qe2 Be6 11. Rad1 Qe8 12. a4 Nd7 13. a5 Nc8 14. b3 Qe7 15. Na4 b5 16. axb6 axb6 17. c4 Qb4 18. Qc2 Rf7 19. Bd2 Qe7 20. Be3 Bf8 21. Rd3 Qe8 22. Rfd1 Rb8 23. h4 h5 24. Nc3 Kh7 25. Qd2 Rb7 26. Ne1 Be7 27. f4 Nc5 28. Bxc5 Bxc5+ 29. Kh2 Rbd7 30. Qe2 Bd4 31. f5 gxf5 32. exf5 Bxf5 33. Qxh5+ Kg7 34. Qxf5 Nd6 35. Qg4+ Kf8 36. Bxc6 Rg7 37. Bxd7 Rxd7 38. Rxd4 exd4 39. Qxd4 Qe6 40. Nf3 Qf5 41. Qf4 Qc2+ 42. Qd2 Qg6 43. Qf2 Ne4 44. Nxe4 Rxd1 45. Nc3 Rc1 46. Ne2 Rc2 47. Nfd4 Ra2 48. Qf3 Qf7 49. h5 Kg8 50. Kh3 Qd7+ 51. Qg4+ Qxg4+ 52. Kxg4 Rd2 53. Kf5 Kf7 54. g4 Rd3 55. b4 Ra3 56. c5 bxc5 57. bxc5 Ra5 58. Nb3 Ra2 59. Ned4 Rf2+ 60. Ke4 Rg2 61. Kf3 Ra2 62. c6 Ra4 63. Ke4 Ke7 64. Kd5 Ra8 65. Nf5+ 1-0

[Event "Wch Blitz"]
[Site "Riadh"]
[Date "2017.12.29"]
[Round "3"]
[White "Amin, Bassem"]
[Black "Movsesian, Sergei"]
[Result "1-0"]
[WhiteElo "2689"]
[BlackElo "2647"]
[PlyCount "107"]
[EventDate "2017.12.29"]
[EventType "swiss (blitz)"]
[EventRounds "21"]
[EventCountry "SAU"]
[SourceTitle "CBM 182 Extra"]
[Source "ChessBase"]
[SourceDate "2018.02.23"]
[SourceVersion "1"]
[SourceVersionDate "2018.02.23"]
[SourceQuality "1"]

1. e4 c5 2. Nf3 e6 3. d3 Nc6 4. g3 d5 5. Nbd2 Nf6 6. Bg2 g6 7. O-O Bg7 8. Re1 O-O 9. c3 b6 10. e5 Nd7 11. d4 a5 12. Nf1 a4 ({RR} 12... Ba6 13. Bg5 Qc7 14. Qd2 Rfc8 15. Rac1 b5 16. h4 b4 17. N1h2 bxc3 18. bxc3 h5 19. g4 Rab8 20. gxh5 gxh5 21. Kh1 Nf8 22. Bf6 Ng6 23. Qg5 Bxf6 24. exf6 Qf4 25. Qxh5 Qxf6 26. Ng4 Qg7 27. Qg5 {Amin,B (2680)-Duda,J (2760) Warsaw 2021 ½-½ (76)}) ({RR} 12... Ba6 13. Ne3 cxd4 14. cxd4 Nb4 15. Ng4 Nd3 16. Bg5 Qe8 17. Re2 f5 18. exf6 Nxf6 19. Nxf6+ Bxf6 20. Bxf6 Rxf6 21. Rd2 Nb4 22. a3 Nc6 23. Rc1 a4 24. Rdc2 Bc4 25. Qe1 Na5 26. Ne5 Nb3 27. Rd1 {Jimenez Fernandez,R (2167)-Gutierrez Olivares,D (2354) chess.com INT 2025 0-1 (33)}) 13. a3 Ba6 14. h4 Qc7 $146 ({RR} 14... Bxf1 15. Bxf1 Qb8 16. Bb5 Rc8 17. Bf4 Qa7 18. c4 Nxd4 19. Nxd4 cxd4 20. cxd5 Rc5 21. Bc6 Rd8 22. Bg5 Re8 23. Qxd4 exd5 24. Qxa4 Qxa4 25. Bxa4 b5 26. b4 Rc7 27. Bxb5 Rxe5 28. Bf4 Rxe1+ 29. Rxe1 {Marek,M (2361)-Yip,C (2318) Saint Louis 2018 1-0}) 15. Bf4 Na5 16. Ne3 Nb3 17. Rb1 cxd4 18. cxd4 Rac8 19. h5 Qc6 20. h6 Bh8 21. Bg5 Rc7 22. Be7 Re8 23. Bd6 Rcc8 24. Bb4 Rc7 25. Bf1 Bxf1 26. Kxf1 Rec8 27. Kg2 Qb7 28. Qd3 Ndc5 29. dxc5 bxc5 30. Bd2 c4 31. Qe2 d4 32. Ng4 c3 33. bxc3 dxc3 34. Bg5 c2 35. Rbc1 Rc3 36. Qe4 Qxe4 37. Rxe4 R8c4 38. Rxc4 Rxc4 39. Ne3 Nxc1 40. Nxc4 Nd3 41. Nb6 c1=Q 42. Bxc1 Nxc1 43. Nxa4 Nd3 44. Nb6 Kf8 45. a4 Ke7 46. a5 Nc5 47. Nc4 Kd7 48. Nd4 f6 49. f4 fxe5 50. fxe5 Nd3 51. a6 Kc7 52. Nb5+ Kc6 53. a7 Kb7 54. Nb6 1-0

[Event "Wch Blitz"]
[Site "Riadh"]
[Date "2017.12.29"]
[Round "3"]
[White "Petrosian, Tigran L"]
[Black "Halkias, Stelios"]
[Result "1-0"]
[WhiteElo "2601"]
[BlackElo "2571"]
[PlyCount "73"]
[EventDate "2017.12.29"]
[EventType "swiss (blitz)"]
[EventRounds "21"]
[EventCountry "SAU"]
[SourceTitle "CBM 182 Extra"]
[Source "ChessBase"]
[SourceDate "2018.02.23"]
[SourceVersion "1"]
[SourceVersionDate "2018.02.23"]
[SourceQuality "1"]

1. Nf3 c5 2. g3 Nc6 3. Bg2 d5 4. O-O e6 5. d3 Bd6 6. e4 Nge7 7. Re1 Bc7 8. Nbd2 O-O 9. Qe2 b6 ({RR} 9... b5 10. h4 a5 11. h5 h6 12. Nf1 b4 13. e5 f6 14. Bf4 fxe5 15. Nxe5 Nxe5 16. Bxe5 Bxe5 17. Qxe5 Nc6 18. Qe3 Qd6 19. c3 Bd7 20. Nd2 Rf5 21. Nb3 d4 22. cxd4 cxd4 23. Qe2 Raf8 24. Rf1 {Andriasian,Z (2585)-Korobov,A (2684) Warsaw 2010 ½-½ (63)}) ({RR} 9... Rb8 10. c3 b6 11. Nf1 Ba6 12. e5 Ng6 13. Bf4 h6 14. Rad1 f6 15. exf6 Nxf4 16. gxf4 Rxf6 17. Ne5 Nxe5 18. fxe5 Rf5 19. Ng3 Rxe5 20. Qg4 Qg5 21. Qxg5 hxg5 22. Rxe5 Bxe5 23. Re1 Bxg3 24. hxg3 {Annaberdiyev,B (2208)-Deac,B (2680) chess.com INT 2024 0-1 (63)}) 10. h4 ({RR} 10. c3 Ba6 11. c4 Qd7 12. Nb3 Ng6 13. Bd2 dxc4 14. dxc4 Nge5 15. Rec1 Rad8 16. Nxe5 Nxe5 17. Bf1 f5 18. Bf4 Nd3 19. Rd1 Nxf4 20. gxf4 Qc6 21. exf5 exf5 22. Bg2 Qg6 23. Kh1 Bxf4 24. Bd5+ Rxd5 {Koutsidis,M (2111)-Halkias,S (2482) Athens 2000 0-1}) 10... a5 $146 ({RR} 10... Nb4 11. Nf1 dxe4 12. Qxe4 Nxc2 13. Qxa8 Nxa1 14. Ne3 Nf5 15. Nxf5 exf5 16. Bg5 f6 17. Rxa1 fxg5 18. Nxg5 g6 19. Re1 h6 20. Qc6 Qd6 21. Ne6 Qxc6 22. Bxc6 Bxe6 23. Rxe6 Kg7 24. Be8 f4 25. g4 {Kasparov,G-Polugaevsky,L Leningrad 1975 ½-½}) ({RR} 10... Bb7 11. h5 h6 12. a3 b5 13. Nf1 Qd7 14. Bh3 Rae8 15. e5 Nf5 16. c3 Qe7 17. N1h2 d4 18. g4 Nh4 19. g5 Nxf3+ 20. Nxf3 Kh8 21. gxh6 gxh6 22. Qd2 Rg8+ 23. Kf1 Qf8 24. Qxh6+ Qxh6 25. Bxh6 {Docena,J (2319)-Frayna,J (2273) Olongapo City 2015 ½-½ (39)}) 11. a4 Ba6 12. Nb1 d4 13. e5 Ng6 14. Ng5 Qd7 15. f4 h6 16. Ne4 Rae8 17. Na3 Ngxe5 18. fxe5 Nxe5 19. Bf4 f6 20. Nd2 Bb8 21. b3 g5 22. hxg5 hxg5 23. Bxe5 Bxe5 24. Qg4 Bb8 25. Nac4 Qg7 26. Rxe6 f5 27. Qe2 Rd8 28. Re7 Qg6 29. Re6 Qg7 30. Rxb6 Bxc4 31. bxc4 Bxg3 32. Bd5+ Rf7 33. Rb7 Rdf8 34. Rxf7 Rxf7 35. Qe8+ Kh7 36. Qxf7 Qxf7 37. Bxf7 1-0